|
|
|
|
| LEADER |
00000nam0a2200000 4500 |
| 001 |
601388 |
| 005 |
20231101132142.0 |
| 029 |
0 |
0 |
|a RU
|b 3926-83Деп
|f ВИНИТИ
|
| 035 |
|
|
|a (RuTPU)RU\TPU\tpu\26178
|
| 035 |
|
|
|a RU\TPU\tpu\24833
|
| 090 |
|
|
|a 601388
|
| 100 |
|
|
|a 20141127j19830622k y0rusy50 ca
|
| 101 |
0 |
|
|a rus
|
| 102 |
|
|
|a RU
|
| 105 |
|
|
|a y z 000zy
|
| 200 |
1 |
|
|a Экспериментальное исследование ускорения наносекундного электронного пучка в волноводном резонаторе
|f С. В. Разин, Ю. Г. Юшков
|g Томский политехнический институт (ТПИ)
|
| 210 |
|
|
|a Томск
|d 1983
|
| 215 |
|
|
|a 7 с.
|c ил.
|
| 300 |
|
|
|a Деп. в ВИНИТИ 22.06.83, № 3926-83Деп
|
| 320 |
|
|
|a Библиогр.: 5 назв.
|
| 333 |
|
|
|a В фонде НТБ ТПУ отсутствует
|
| 610 |
1 |
|
|a труды учёных ТПУ
|
| 610 |
1 |
|
|a депонированные рукописи
|
| 700 |
|
1 |
|a Разин
|b С. В.
|
| 701 |
|
1 |
|a Юшков
|b Ю. Г.
|c электрофизик
|c профессор Томского политехнического университета, доктор технических наук
|f 1937-
|g Юрий Георгиевич
|x TPU
|2 stltpush
|3 (RuTPU)RU\TPU\pers\22023
|
| 712 |
0 |
2 |
|a Томский политехнический институт (ТПИ)
|c (1944-1991)
|2 stltpush
|3 (RuTPU)RU\TPU\col\1123
|
| 801 |
|
1 |
|a RU
|b 63413507
|c 20120220
|
| 801 |
|
2 |
|a RU
|b 63413507
|c 20141127
|g RCR
|
| 942 |
|
|
|c BK
|